00675cam a22002297a 4500003000500000005001700005008004100022010001000063011001000073020001800083035001000101040000900111082001500120100002100135245009200156260004400248300003100292650003300323650001700356650005300373700001900426CHAP20220329142611.0020326d2000 uk a r 00110 eng d a85522 a86494 a0 85199 422 9 a97032 cCHAP04a632.96bN300aNavon, Amoseed.10aBioassays of entomopathogenic microbes and nematodesc/ed by Amos Navon & K.R.S. Ascher aOxon, U.K. :bCAB International,c2000. a324 p. :bilus. ; gráfs.14aMicroorganismos patógenos.14aNemátodos.14aOrganismos fitopatógenosxControl biológico.0 aAscher, K.R.S.